| Поле | Инд. | ПП | Название | Значение |
|---|---|---|---|---|
| Тип записи | a | |||
| Библиографический уровень | m | |||
| 001 | Контрольный номер | 2dc0ea8c-48ac-431e-b5c0-ec6467d71da0 | ||
| 005 | Дата корректировки | 20230605123540.9 | ||
| 008 | Кодируемые данные | 071211s1988 rur a 000u 0rus d | ||
| 017 | a | Номер государственной регистрации | 88-8607 | |
| b | Организация, присвоившая номер | RuMoRKP | ||
| 2 | Источник номера | ЛГР | ||
| 040 | a | Служба первич. каталог. | RuMoRKP | |
| 041 | 00 | a | Код языка текста | rus |
| 080 | 00 | a | Индекс УДК | 372.880.20.046.16:681.3 |
| 084 | a | Индекс другой классификации/Индекс ББК | 81.2Англ-923 | |
| 090 | x | Авторский знак | Н841 | |
| 100 | _0 | a | Автор | Носенко Элеонора Львовна |
| 245 | 10 | a | Заглавие | ЭВМ в обучении иностранным языкам в вузе |
| 260 | a | Место издания | Москва | |
| b | Издательство | Высшая школа | ||
| c | Дата издания | 1988 | ||
| 300 | a | Объем | 102,[2] с. | |
| c | Размеры | 22 см | ||
| 440 | _0 | a | Серия | Б-ка преподавателя |
| 500 | a | Примечание | Библиогр. в примеч.: с. 95-103 | |
| 650 | 04 | a | Основная рубрика | Обучающие машины |
| 650 | 04 | a | Основная рубрика | Программированное обучение в высшей школе |
| 650 | 04 | a | Основная рубрика | Английский язык |
| x | Основная подрубрика | Методика преподавания | ||
| x | Основная подрубрика | Использование технических средств | ||
| 852 | 41 | i | Расстановочный признак | Проверка 2023 |
| 920 | a | Оператор | Хохл | |
| 952 | c | Вид литературы | К ру | |
| 954 | e | Дата перешифровки | 20230605 |